LEADER 00967nam a2200277 i 4500 001 991002479719707536 005 20020503165829.0 008 000224s1998 ||| ||| | ita 020 $a8806143085 035 $ab10370651-39ule_inst 035 $aEXGIL104586$9ExL 040 $aDip.to Filol. Ling. e Lett.$bita 082 0 $a394.14 100 1 $aZolla, Elémire$0375062 245 13$aIl dio dell'ebbrezza :$bantologia dei moderni dionisiaci /$c[a cura di] Elémire Zolla 260 $aTorino :$bEinaudi,$c[1998] 300 $aCVIII, 426 p. ;$c18 cm 490 0 $aEinaudi tascabili ;$v569 650 4$aDioniso - Culto 650 4$aDroghe - Consumo 907 $a.b10370651$b21-02-17$c27-06-02 912 $a991002479719707536 945 $aLE008 LLI IV C 149$g1$i2008000010447$lle008$o-$pE0.00$q-$rl$s- $t0$u2$v0$w2$x0$y.i10433922$z27-06-02 996 $aDio dell'ebbrezza$9203149 997 $aUNISALENTO 998 $ale008$b01-01-00$cm$da $e-$feng$gxx $h3$i1 LEADER 01106nam a22002651i 4500 001 991002085459707536 005 20040123145438.0 008 040407s2003 it |||||||||||||||||eng 035 $ab12868528-39ule_inst 035 $aARCHE-084814$9ExL 040 $aDip.to Scienze Storiche$bita$cA.t.i. Arché s.c.r.l. Pandora Sicilia s.r.l. 082 04$a338.9 100 1 $aBortolotti, Bernardo$0119289 245 14$aThe political economy of privatization /$cBernardo Bortolotti and Paolo Pinotti 260 $aMilano :$bFondazione ENI Enrico Mattei,$c2003 300 $a1 v. ;$c21 cm 440 0$aNote di lavoro della Fondazione ENI Enrico Mattei ;$v45.2003 650 4$aPrivatizzazione 700 1 $aPinotti, Paolo$eauthor$4http://id.loc.gov/vocabulary/relators/aut$0734135 907 $a.b12868528$b02-04-14$c16-04-04 912 $a991002085459707536 945 $aLE009 GEOG.COLL.14L/45$g1$i2009000314849$lle009$o-$pE0.00$q-$rl$s- $t0$u0$v0$w0$x0$y.i13429413$z16-04-04 996 $aPolitical economy of privatization$91448614 997 $aUNISALENTO 998 $ale009$b16-04-04$cm$da $e-$feng$git $h4$i1